[Event "EYCC 2024 - G16"]
[Site "?"]
[Date "2024.08.30"]
[Round "8.9"]
[White "Maria, Lia-Alexandra"]
[Black "Sikorova, Jana"]
[Result "1-0"]
[BlackElo "1790"]
[WhiteElo "2046"]
[LiveChessVersion "1.4.8"]

1. e4 {[%clk 1:30:57]} c5 {[%clk 1:30:53]} 2. Nf3 {[%clk 1:31:21]} a6
{[%clk 1:31:17]} 3. Nc3 {[%clk 1:31:44]} e6 {[%clk 1:31:42]} 4. d4
{[%clk 1:32:08]} cxd4 {[%clk 1:32:09]} 5. Nxd4 {[%clk 1:32:34]} b5
{[%clk 1:32:34]} 6. Bd3 {[%clk 1:32:58]} Qb6 {[%clk 1:32:38]} 7. Nf3
{[%clk 1:32:31]} Qc7 {[%clk 1:32:27]} 8. O-O {[%clk 1:32:49]} d6 {[%clk 1:32:01]}
9. Re1 {[%clk 1:32:29]} Nd7 {[%clk 1:31:46]} 10. Bf4 {[%clk 1:22:33]} Ngf6
{[%clk 1:26:14]} 11. a4 {[%clk 1:18:11]} b4 {[%clk 1:24:41]} 12. Na2
{[%clk 1:15:00]} a5 {[%clk 1:21:33]} 13. c3 {[%clk 1:15:05]} bxc3
{[%clk 1:20:15]} 14. Nxc3 {[%clk 1:10:30]} Be7 {[%clk 1:19:21]} 15. e5
{[%clk 1:05:09]} dxe5 {[%clk 1:18:28]} 16. Nxe5 {[%clk 1:04:46]} Qb7
{[%clk 1:12:41]} 17. Bb5 {[%clk 1:02:03]} O-O {[%clk 1:11:44]} 18. Bc6
{[%clk 1:01:35]} Qxb2 {[%clk 1:05:05]} 19. Nb5 {[%clk 0:56:22]} Rd8
{[%clk 0:57:14]} 20. Nd3 {[%clk 0:55:48]} Qxa1 {[%clk 0:43:14]} 21. Qxa1
{[%clk 0:56:14]} Ra6 {[%clk 0:42:29]} 22. Bf3 {[%clk 0:55:02]} Nb6
{[%clk 0:39:59]} 23. Rd1 {[%clk 0:50:51]} Nbd5 {[%clk 0:36:44]} 24. Be5
{[%clk 0:49:41]} Rc6 {[%clk 0:35:34]} 25. g4 {[%clk 0:47:15]} Bb7
{[%clk 0:32:59]} 26. Nf4 {[%clk 0:44:23]} Rc5 {[%clk 0:31:42]} 27. Nxd5
{[%clk 0:39:28]} Bxd5 {[%clk 0:31:52]} 28. Bxd5 {[%clk 0:39:40]} Rcxd5
{[%clk 0:32:03]} 29. Rxd5 {[%clk 0:39:47]} Rxd5 {[%clk 0:32:21]} 30. h3
{[%clk 0:37:25]} Rd2 {[%clk 0:31:03]} 31. Bc3 {[%clk 0:36:50]} Rd3
{[%clk 0:29:57]} 32. Qf1 {[%clk 0:35:05]} Rf3 {[%clk 0:28:42]} 33. Qg2
{[%clk 0:34:53]} Rf4 {[%clk 0:26:51]} 34. Qa8+ {[%clk 0:34:49]} Bf8
{[%clk 0:27:09]} 35. Be5 {[%clk 0:34:46]} 1-0

[Event "EYCC 2024 - G16"]
[Site "?"]
[Date "2024.08.30"]
[Round "8.10"]
[White "Alexandri, Vasiliki"]
[Black "Slusarczyk, Anna"]
[Result "0-1"]
[BlackElo "1997"]
[WhiteElo "1824"]
[LiveChessVersion "1.4.8"]

1. d4 {[%clk 1:30:56]} Nf6 {[%clk 1:30:55]} 2. c4 {[%clk 1:31:19]} e6
{[%clk 1:31:21]} 3. Nc3 {[%clk 1:31:44]} Bb4 {[%clk 1:31:46]} 4. e3
{[%clk 1:32:09]} O-O {[%clk 1:31:44]} 5. Bd3 {[%clk 1:32:27]} d5 {[%clk 1:31:55]}
6. Nf3 {[%clk 1:32:33]} b6 {[%clk 1:32:15]} 7. cxd5 {[%clk 1:23:36]} exd5
{[%clk 1:32:14]} 8. O-O {[%clk 1:22:33]} Re8 {[%clk 1:32:02]} 9. Qc2
{[%clk 1:19:30]} Ba6 {[%clk 1:28:00]} 10. Ne5 {[%clk 1:13:20]} Bd6
{[%clk 1:17:20]} 11. f4 {[%clk 1:07:38]} Bxd3 {[%clk 1:11:46]} 12. Qxd3
{[%clk 1:08:01]} c5 {[%clk 1:06:03]} 13. Bd2 {[%clk 1:04:25]} a6 {[%clk 1:02:07]}
14. Be1 {[%clk 0:59:10]} c4 {[%clk 0:52:29]} 15. Qf5 {[%clk 0:56:57]} Be7
{[%clk 0:45:34]} 16. Bh4 {[%clk 0:53:35]} b5 {[%clk 0:43:30]} 17. Bxf6
{[%clk 0:42:52]} Bxf6 {[%clk 0:42:50]} 18. Ng4 {[%clk 0:42:34]} Nd7
{[%clk 0:39:38]} 19. Nxd5 {[%clk 0:41:48]} Re6 {[%clk 0:38:19]} 20. Ndxf6+
{[%clk 0:34:59]} Nxf6 {[%clk 0:38:43]} 21. Nxf6+ {[%clk 0:34:40]} Rxf6
{[%clk 0:38:38]} 22. Qg5 {[%clk 0:29:59]} h6 {[%clk 0:29:40]} 23. Qh4
{[%clk 0:24:03]} Qe7 {[%clk 0:28:30]} 24. Rf3 {[%clk 0:18:26]} b4
{[%clk 0:14:50]} 25. f5 {[%clk 0:10:04]} Re8 {[%clk 0:09:04]} 26. Rc1
{[%clk 0:05:25]} Qc7 {[%clk 0:05:53]} 27. e4 {[%clk 0:04:31]} c3 {[%clk 0:02:08]}
28. bxc3 {[%clk 0:03:03]} Qc4 {[%clk 0:02:34]} 29. Rg3 {[%clk 0:00:38]} Kh8
{[%clk 0:02:54]} 30. e5 {[%clk 0:00:39]} Rxf5 {[%clk 0:02:21]} 31. Qe4
{[%clk 0:00:40]} Rfxe5 {[%clk 0:01:09]} 32. Qxe5 {[%clk 0:00:33]} Rxe5
{[%clk 0:01:34]} 33. dxe5 {[%clk 0:01:01]} Qc5+ {[%clk 0:02:00]} 34. Kh1
{[%clk 0:00:54]} Qxe5 {[%clk 0:02:07]} 35. cxb4 {[%clk 0:01:14]} Qb2
{[%clk 0:02:21]} 36. Rgc3 {[%clk 0:01:25]} Qxb4 {[%clk 0:02:27]} 37. Rc8+
{[%clk 0:01:23]} Kh7 {[%clk 0:02:52]} 38. R8c6 {[%clk 0:01:27]} Qb2
{[%clk 0:02:30]} 39. a4 {[%clk 0:01:28]} Qa3 {[%clk 0:02:40]} 40. R6c4
{[%clk 0:01:42]} g5 {[%clk 0:02:31]} 41. h3 {[%clk 0:01:48]} h5 {[%clk 0:02:21]}
42. Rf1 {[%clk 0:01:36]} Kg7 {[%clk 0:01:23]} 43. Rf5 {[%clk 0:00:47]} Kg6
{[%clk 0:01:25]} 44. Ra5 {[%clk 0:00:44]} Qd6 {[%clk 0:01:06]} 45. Rac5
{[%clk 0:01:00]} Qd1+ {[%clk 0:01:04]} 46. Kh2 {[%clk 0:01:28]} g4
{[%clk 0:00:43]} 47. Rc6+ {[%clk 0:01:34]} Kg5 {[%clk 0:00:38]} 48. R4c5+
{[%clk 0:00:31]} f5 {[%clk 0:00:49]} 49. a5 {[%clk 0:00:38]} Qe1 {[%clk 0:00:53]}
50. hxg4 {[%clk 0:00:39]} hxg4 {[%clk 0:00:51]} 51. Rc3 {[%clk 0:00:40]} Qh4+
{[%clk 0:00:51]} 52. Kg1 {[%clk 0:00:46]} g3 {[%clk 0:01:08]} 53. Rf3
{[%clk 0:00:37]} Qd4+ {[%clk 0:01:28]} 0-1

[Event "EYCC 2024 - G16"]
[Site "?"]
[Date "2024.08.30"]
[Round "8.11"]
[White "Stankovic, Andrea"]
[Black "Westerhof, Fleur"]
[Result "0-1"]
[BlackElo "1986"]
[WhiteElo "1856"]
[LiveChessVersion "1.4.8"]

1. e4 {[%clk 1:30:59]} e5 {[%clk 1:30:53]} 2. f4 {[%clk 1:31:00]} exf4
{[%clk 1:30:23]} 3. Nf3 {[%clk 1:31:19]} Nf6 {[%clk 1:29:07]} 4. e5
{[%clk 1:26:29]} Nh5 {[%clk 1:26:48]} 5. Bc4 {[%clk 1:17:45]} d5 {[%clk 1:18:05]}
6. Be2 {[%clk 1:14:10]} Bg4 {[%clk 1:09:33]} 7. d4 {[%clk 1:08:56]} Nc6
{[%clk 1:02:53]} 8. Bb5 {[%clk 1:00:55]} Bxf3 {[%clk 0:53:20]} 9. Qxf3
{[%clk 1:00:59]} Qh4+ {[%clk 0:53:31]} 10. Qf2 {[%clk 0:48:19]} Be7
{[%clk 0:50:57]} 11. Qxh4 {[%clk 0:44:27]} Bxh4+ {[%clk 0:51:07]} 12. Ke2
{[%clk 0:44:49]} Be7 {[%clk 0:49:06]} 13. Kf3 {[%clk 0:35:59]} g5
{[%clk 0:46:36]} 14. b3 {[%clk 0:31:58]} O-O-O {[%clk 0:42:09]} 15. Bb2
{[%clk 0:31:07]} Ng7 {[%clk 0:35:08]} 16. g3 {[%clk 0:26:53]} Ne6
{[%clk 0:32:28]} 17. Rd1 {[%clk 0:26:07]} f6 {[%clk 0:24:01]} 18. gxf4
{[%clk 0:17:50]} Nxf4 {[%clk 0:23:05]} 19. Nd2 {[%clk 0:14:44]} Rdf8
{[%clk 0:16:20]} 20. Kg3 {[%clk 0:13:04]} h5 {[%clk 0:11:52]} 21. exf6
{[%clk 0:11:49]} Bxf6 {[%clk 0:11:11]} 22. Bxc6 {[%clk 0:11:29]} bxc6
{[%clk 0:11:35]} 23. Re1 {[%clk 0:11:15]} Re8 {[%clk 0:09:45]} 24. Nf3
{[%clk 0:10:50]} c5 {[%clk 0:08:11]} 25. Rad1 {[%clk 0:07:39]} Ne2+
{[%clk 0:05:08]} 26. Kf2 {[%clk 0:08:01]} Nxd4 {[%clk 0:04:36]} 27. Rxe8+
{[%clk 0:06:51]} Rxe8 {[%clk 0:05:01]} 28. Bxd4 {[%clk 0:06:51]} cxd4
{[%clk 0:04:45]} 29. Nxd4 {[%clk 0:07:11]} Re4 {[%clk 0:03:19]} 30. Ne2
{[%clk 0:04:36]} c6 {[%clk 0:03:05]} 31. Rd3 {[%clk 0:04:47]} g4 {[%clk 0:02:46]}
32. Re3 {[%clk 0:03:08]} Bh4+ {[%clk 0:02:04]} 33. Ng3 {[%clk 0:03:35]} Bxg3+
{[%clk 0:00:51]} 34. hxg3 {[%clk 0:02:33]} Rxe3 {[%clk 0:00:42]} 35. Kxe3
{[%clk 0:02:57]} Kd7 {[%clk 0:01:00]} 36. Kf4 {[%clk 0:03:21]} Ke6
{[%clk 0:01:05]} 37. Kg5 {[%clk 0:02:15]} Ke5 {[%clk 0:00:56]} 38. Kxh5
{[%clk 0:02:40]} Kd4 {[%clk 0:01:07]} 39. Kxg4 {[%clk 0:02:33]} Kc3
{[%clk 0:01:27]} 40. Kf5 {[%clk 0:02:06]} Kxc2 {[%clk 0:01:47]} 41. g4
{[%clk 0:01:56]} d4 {[%clk 0:02:13]} 42. g5 {[%clk 0:02:19]} d3 {[%clk 0:02:39]}
43. g6 {[%clk 0:02:46]} d2 {[%clk 0:03:02]} 44. g7 {[%clk 0:03:13]} d1=Q
{[%clk 0:03:22]} 45. g8=Q {[%clk 0:03:26]} Kb1 {[%clk 0:02:30]} 46. a4
{[%clk 0:00:34]} Qc2+ {[%clk 0:01:08]} 47. Ke5 {[%clk 0:00:55]} Qc5+
{[%clk 0:01:17]} 48. Ke4 {[%clk 0:00:56]} a5 {[%clk 0:01:16]} 49. Qg3 Qd5+
{[%clk 0:01:30]} 0-1

[Event "EYCC 2024 - G16"]
[Site "?"]
[Date "2024.08.30"]
[Round "8.12"]
[White "Karacsonyi, Luca"]
[Black "Zdor, Viktoriia"]
[Result "1/2-1/2"]
[BlackElo "1882"]
[WhiteElo "1914"]
[LiveChessVersion "1.4.8"]

1. e4 {[%clk 1:30:57]} e5 {[%clk 1:30:50]} 2. Nf3 {[%clk 1:31:19]} Nc6
{[%clk 1:31:12]} 3. Bc4 {[%clk 1:31:45]} Nf6 {[%clk 1:31:19]} 4. d3
{[%clk 1:32:08]} Bc5 {[%clk 1:31:38]} 5. c3 {[%clk 1:32:26]} O-O {[%clk 1:31:45]}
6. Bb3 {[%clk 1:32:41]} d5 {[%clk 1:30:49]} 7. Qe2 {[%clk 1:28:24]} Bg4
{[%clk 1:25:38]} 8. h3 {[%clk 1:24:42]} Bh5 {[%clk 1:24:17]} 9. O-O
{[%clk 1:14:05]} h6 {[%clk 1:18:40]} 10. Nbd2 {[%clk 1:07:05]} Qd7
{[%clk 1:17:48]} 11. exd5 {[%clk 1:04:43]} Nxd5 {[%clk 1:17:41]} 12. Nxe5
{[%clk 0:55:58]} Qf5 {[%clk 1:03:36]} 13. Qe4 {[%clk 0:41:58]} Qxe5
{[%clk 0:59:43]} 14. Bxd5 {[%clk 0:36:46]} Bd6 {[%clk 0:55:30]} 15. Qxe5
{[%clk 0:35:34]} Nxe5 {[%clk 0:55:28]} 16. d4 {[%clk 0:27:14]} Nd3
{[%clk 0:54:57]} 17. g4 {[%clk 0:20:04]} Nf4 {[%clk 0:52:34]} 18. gxh5
{[%clk 0:19:34]} Nxd5 {[%clk 0:52:55]} 19. Ne4 {[%clk 0:18:26]} Bf4
{[%clk 0:52:37]} 20. Ng3 {[%clk 0:12:25]} Rfe8 {[%clk 0:52:43]} 21. Bxf4
{[%clk 0:11:38]} Nxf4 {[%clk 0:53:11]} 22. Kh2 {[%clk 0:11:45]} Re6
{[%clk 0:53:25]} 23. a4 {[%clk 0:09:04]} a5 {[%clk 0:53:17]} 24. Rad1
{[%clk 0:06:32]} Rb6 {[%clk 0:51:48]} 25. Rd2 {[%clk 0:05:46]} Rd8
{[%clk 0:51:56]} 26. Re1 {[%clk 0:05:28]} Re6 {[%clk 0:38:36]} 27. Rxe6
{[%clk 0:05:40]} Nxe6 {[%clk 0:38:52]} 28. d5 {[%clk 0:03:34]} Kf8
{[%clk 0:24:54]} 29. b4 {[%clk 0:03:20]} axb4 {[%clk 0:19:53]} 30. cxb4
{[%clk 0:03:45]} Nf4 {[%clk 0:17:52]} 31. Rd4 {[%clk 0:02:14]} Nxd5
{[%clk 0:16:31]} 32. Nf5 {[%clk 0:02:08]} Rd7 {[%clk 0:15:10]} 33. Kg3
{[%clk 0:02:03]} f6 {[%clk 0:13:07]} 34. Kf3 {[%clk 0:01:38]} c6 {[%clk 0:11:29]}
35. Ne3 {[%clk 0:01:27]} Ke7 {[%clk 0:10:54]} 36. Nxd5+ {[%clk 0:01:21]} cxd5
{[%clk 0:11:04]} 37. Rg4 {[%clk 0:01:06]} Ke6 {[%clk 0:11:05]} 38. Ke3
{[%clk 0:01:22]} Ke5 {[%clk 0:10:43]} 39. f4+ {[%clk 0:01:21]} Kd6
{[%clk 0:09:50]} 40. Kd3 {[%clk 0:01:27]} Ke6 {[%clk 0:09:54]} 41. Rg2
{[%clk 0:01:09]} Kf5 {[%clk 0:09:54]} 42. Rg4 {[%clk 0:01:19]} Rc7
{[%clk 0:09:08]} 43. b5 {[%clk 0:01:17]} b6 {[%clk 0:05:36]} 44. Kd4
{[%clk 0:01:12]} Ke6 {[%clk 0:05:51]} 45. Kd3 {[%clk 0:01:12]} Kd6
{[%clk 0:06:05]} 46. Rg2 {[%clk 0:01:03]} Ke6 {[%clk 0:05:30]} 47. Rg4
{[%clk 0:00:57]} Kf5 {[%clk 0:04:50]} 48. Kd4 {[%clk 0:01:17]} Rd7
{[%clk 0:05:10]} 49. a5 {[%clk 0:01:05]} bxa5 {[%clk 0:05:21]} 50. Kc5
{[%clk 0:01:22]} d4 {[%clk 0:04:05]} 51. Kc6 {[%clk 0:01:38]} Re7
{[%clk 0:02:54]} 52. b6 {[%clk 0:01:38]} d3 {[%clk 0:02:55]} 53. Rg1
{[%clk 0:01:58]} Kxf4 {[%clk 0:02:30]} 54. Rf1+ {[%clk 0:02:21]} Kg3
{[%clk 0:01:55]} 55. Rd1 {[%clk 0:02:46]} f5 {[%clk 0:01:12]} 56. Rxd3+
{[%clk 0:03:01]} Kg2 {[%clk 0:01:25]} 57. Rd7 {[%clk 0:03:06]} Re6+
{[%clk 0:01:22]} 58. Kc7 {[%clk 0:03:13]} Re2 {[%clk 0:00:58]} 59. Rxg7+
{[%clk 0:03:30]} Kxh3 {[%clk 0:01:22]} 60. b7 {[%clk 0:03:32]} Rc2+
{[%clk 0:01:30]} 61. Kd6 {[%clk 0:02:39]} Rb2 {[%clk 0:01:49]} 62. Kc7
{[%clk 0:02:41]} Rc2+ {[%clk 0:01:54]} 63. Kd6 {[%clk 0:02:56]} Rb2
{[%clk 0:02:21]} 64. Kc7 {[%clk 0:03:21]} 1/2-1/2

[Event "EYCC 2024 - G16"]
[Site "?"]
[Date "2024.08.30"]
[Round "8.13"]
[White "Omeri, Eklea"]
[Black "Moscovitch, Michal"]
[Result "0-1"]
[BlackElo "1618"]
[WhiteElo "1962"]
[LiveChessVersion "1.4.8"]

1. d4 {[%clk 1:30:51]} d5 {[%clk 1:30:56]} 2. c4 {[%clk 1:31:01]} e6
{[%clk 1:31:20]} 3. Nc3 {[%clk 1:31:27]} Nf6 {[%clk 1:31:44]} 4. Nf3
{[%clk 1:31:50]} Be7 {[%clk 1:32:04]} 5. Bg5 {[%clk 1:32:14]} O-O
{[%clk 1:32:03]} 6. e3 {[%clk 1:32:38]} h6 {[%clk 1:31:34]} 7. Bh4
{[%clk 1:32:43]} b6 {[%clk 1:31:49]} 8. cxd5 {[%clk 1:30:57]} Nxd5
{[%clk 1:32:06]} 9. Bxe7 {[%clk 1:31:13]} Qxe7 {[%clk 1:32:24]} 10. Rc1
{[%clk 1:29:25]} Bb7 {[%clk 1:30:28]} 11. Bd3 {[%clk 1:26:05]} Nf6
{[%clk 1:21:23]} 12. O-O {[%clk 1:25:28]} Nbd7 {[%clk 1:20:28]} 13. e4
{[%clk 1:16:58]} c5 {[%clk 1:19:02]} 14. e5 {[%clk 1:12:13]} Nd5 {[%clk 1:13:31]}
15. Re1 {[%clk 1:08:40]} cxd4 {[%clk 1:05:24]} 16. Nxd4 {[%clk 1:08:14]} Nc5
{[%clk 0:59:50]} 17. Nxd5 {[%clk 1:01:41]} Bxd5 {[%clk 1:00:04]} 18. Bb1
{[%clk 1:00:32]} Rfd8 {[%clk 0:53:28]} 19. b4 {[%clk 0:51:02]} Nb7
{[%clk 0:50:34]} 20. a3 {[%clk 0:35:31]} Rac8 {[%clk 0:42:17]} 21. Rxc8
{[%clk 0:33:24]} Rxc8 {[%clk 0:42:41]} 22. g3 {[%clk 0:30:29]} Qd7
{[%clk 0:34:25]} 23. Qd3 {[%clk 0:29:29]} g6 {[%clk 0:33:49]} 24. Qe3
{[%clk 0:29:02]} Kg7 {[%clk 0:33:25]} 25. h4 {[%clk 0:26:02]} Qe7
{[%clk 0:30:54]} 26. Ne2 {[%clk 0:18:13]} Rf8 {[%clk 0:19:35]} 27. Nf4
{[%clk 0:17:56]} Bc6 {[%clk 0:19:08]} 28. h5 {[%clk 0:17:06]} g5 {[%clk 0:18:18]}
29. Qd3 {[%clk 0:16:32]} Rh8 {[%clk 0:18:24]} 30. Ne2 {[%clk 0:15:15]} Qd8
{[%clk 0:16:57]} 31. Nd4 {[%clk 0:10:24]} Bd5 {[%clk 0:15:04]} 32. Kh2
{[%clk 0:06:31]} a5 {[%clk 0:13:50]} 33. g4 {[%clk 0:05:31]} axb4
{[%clk 0:13:01]} 34. axb4 {[%clk 0:06:00]} Qc7 {[%clk 0:12:12]} 35. f4
{[%clk 0:02:27]} gxf4 {[%clk 0:12:04]} 36. Qd2 {[%clk 0:01:17]} Qe7
{[%clk 0:12:02]} 37. Qf2 {[%clk 0:01:18]} Qg5 {[%clk 0:09:15]} 38. Nf3
{[%clk 0:00:59]} Bxf3 {[%clk 0:08:47]} 39. Rg1 {[%clk 0:00:34]} Bd5
{[%clk 0:06:55]} 40. Qe1 {[%clk 0:00:40]} Rc8 {[%clk 0:06:37]} 41. Kh3
{[%clk 0:00:50]} f3 {[%clk 0:05:52]} 42. Bd3 {[%clk 0:00:43]} Qf4
{[%clk 0:04:22]} 43. Qf2 {[%clk 0:00:37]} Rc1 {[%clk 0:03:38]} 44. Rg3
{[%clk 0:00:46]} Rh1+ 0-1

[Event "EYCC 2024 - G16"]
[Site "?"]
[Date "2024.08.30"]
[Round "8.14"]
[White "Sekova, Olivia"]
[Black "Sharova, Elyzaveta"]
[Result "1-0"]
[BlackElo "1765"]
[WhiteElo "2073"]
[LiveChessVersion "1.4.8"]

1. e4 {[%clk 1:30:58]} c5 {[%clk 1:30:53]} 2. Nf3 {[%clk 1:31:14]} Nc6
{[%clk 1:31:06]} 3. Nc3 {[%clk 1:31:34]} Nf6 {[%clk 1:31:28]} 4. e5
{[%clk 1:31:50]} Ng4 {[%clk 1:31:19]} 5. Qe2 {[%clk 1:32:02]} Qc7
{[%clk 1:31:04]} 6. Nb5 {[%clk 1:32:19]} Qb8 {[%clk 1:30:56]} 7. d4
{[%clk 1:32:34]} a6 {[%clk 1:30:33]} 8. Nd6+ {[%clk 1:32:56]} exd6
{[%clk 1:26:18]} 9. exd6+ {[%clk 1:33:20]} Kd8 {[%clk 1:23:24]} 10. dxc5
{[%clk 1:33:43]} Bxd6 {[%clk 1:21:58]} 11. Ng5 {[%clk 1:27:55]} Nh6
{[%clk 1:21:44]} 12. cxd6 {[%clk 1:27:54]} Qxd6 {[%clk 1:20:26]} 13. Be3
{[%clk 1:27:19]} Ne7 {[%clk 1:09:46]} 14. Ne4 {[%clk 1:14:57]} Qc6
{[%clk 1:07:27]} 15. O-O-O {[%clk 1:15:12]} d5 {[%clk 1:06:30]} 16. Bg5
{[%clk 1:06:19]} Re8 {[%clk 1:00:45]} 17. Qd2 {[%clk 1:04:08]} Bd7
{[%clk 0:56:34]} 18. Nc3 {[%clk 1:02:17]} d4 {[%clk 0:46:45]} 19. Qxd4
{[%clk 0:59:24]} Nhf5 {[%clk 0:44:57]} 20. Qd5 {[%clk 0:59:14]} f6
{[%clk 0:43:13]} 21. Qxc6 {[%clk 0:55:21]} Nxc6 {[%clk 0:43:18]} 22. Bf4
{[%clk 0:55:06]} g5 {[%clk 0:43:23]} 23. Nd5 {[%clk 0:52:01]} gxf4
{[%clk 0:40:45]} 24. Nb6 {[%clk 0:52:14]} Kc7 {[%clk 0:40:32]} 25. Nxd7
{[%clk 0:52:32]} Re6 {[%clk 0:39:22]} 26. Bc4 {[%clk 0:51:52]} Rd6
{[%clk 0:38:26]} 27. Nc5 {[%clk 0:50:48]} Ne5 {[%clk 0:38:18]} 28. Bd5
{[%clk 0:50:42]} Rb8 {[%clk 0:37:00]} 29. Ne6+ {[%clk 0:50:30]} Kb6
{[%clk 0:36:51]} 30. Nxf4 {[%clk 0:50:44]} Ng4 {[%clk 0:35:04]} 31. Rd2
{[%clk 0:46:47]} Ne7 {[%clk 0:34:58]} 32. Re1 {[%clk 0:45:16]} Nxd5
{[%clk 0:34:58]} 33. Nxd5+ {[%clk 0:44:21]} Kc5 {[%clk 0:35:18]} 34. b4+
{[%clk 0:44:38]} Kc6 {[%clk 0:35:04]} 35. Red1 {[%clk 0:40:50]} Rbd8
{[%clk 0:33:49]} 36. h3 {[%clk 0:33:38]} Rxd5 {[%clk 0:31:59]} 37. Rxd5
{[%clk 0:33:37]} Rxd5 {[%clk 0:32:16]} 38. Rxd5 {[%clk 0:33:38]} Kxd5
{[%clk 0:32:44]} 39. hxg4 {[%clk 0:33:59]} Kc4 {[%clk 0:33:12]} 40. a3
{[%clk 0:34:21]} Kc3 {[%clk 0:33:39]} 41. Kd1 {[%clk 0:31:25]} Kb2
{[%clk 0:33:18]} 42. Kd2 {[%clk 0:31:26]} Kxa3 {[%clk 0:33:40]} 43. c3
{[%clk 0:31:13]} Kb3 {[%clk 0:33:58]} 44. Kd3 {[%clk 0:31:37]} b6
{[%clk 0:33:30]} 45. f4 {[%clk 0:29:58]} a5 {[%clk 0:33:59]} 46. bxa5
{[%clk 0:29:30]} bxa5 {[%clk 0:34:28]} 47. c4 {[%clk 0:29:02]} Kb4
{[%clk 0:34:50]} 48. g5 {[%clk 0:28:39]} f5 {[%clk 0:35:11]} 49. g4
{[%clk 0:28:58]} fxg4 {[%clk 0:33:51]} 50. f5 {[%clk 0:29:19]} g3
{[%clk 0:34:12]} 51. Ke2 {[%clk 0:29:32]} a4 {[%clk 0:27:11]} 52. f6
{[%clk 0:29:34]} Kb3 {[%clk 0:27:04]} 53. f7 {[%clk 0:29:57]} a3 {[%clk 0:27:28]}
54. f8=Q {[%clk 0:30:22]} Kb2 {[%clk 0:27:40]} 55. Qb4+ {[%clk 0:30:38]} Ka2
{[%clk 0:28:08]} 56. c5 {[%clk 0:30:43]} g2 {[%clk 0:28:33]} 57. Kf2
{[%clk 0:31:10]} 1-0

[Event "EYCC 2024 - G16"]
[Site "?"]
[Date "2024.08.30"]
[Round "8.15"]
[White "Kucuk, Aybike"]
[Black "Haug, Mara"]
[Result "1-0"]
[BlackElo "1958"]
[WhiteElo "1872"]
[LiveChessVersion "1.4.8"]

1. d4 {[%clk 1:30:57]} Nf6 {[%clk 1:30:53]} 2. Nf3 {[%clk 1:31:22]} c5
{[%clk 1:31:11]} 3. d5 {[%clk 1:31:45]} g6 {[%clk 1:31:24]} 4. Nc3
{[%clk 1:32:08]} Bg7 {[%clk 1:31:13]} 5. e4 {[%clk 1:32:29]} d6 {[%clk 1:31:11]}
6. Bc4 {[%clk 1:32:32]} O-O {[%clk 1:30:38]} 7. O-O {[%clk 1:32:40]} Nbd7
{[%clk 1:28:53]} 8. a4 {[%clk 1:32:19]} Ng4 {[%clk 1:25:07]} 9. Ng5
{[%clk 1:30:54]} Nge5 {[%clk 1:23:25]} 10. Be2 {[%clk 1:31:14]} h6
{[%clk 1:14:06]} 11. Nh3 {[%clk 1:31:25]} Nb8 {[%clk 1:04:55]} 12. f4
{[%clk 1:25:26]} Bxh3 {[%clk 1:03:58]} 13. gxh3 {[%clk 1:19:58]} Ned7
{[%clk 1:04:21]} 14. Qd3 {[%clk 1:16:55]} Na6 {[%clk 1:02:00]} 15. Qg3
{[%clk 1:12:58]} Nc7 {[%clk 0:58:18]} 16. Kh1 {[%clk 1:05:08]} Kh7
{[%clk 0:56:25]} 17. Rg1 {[%clk 0:59:41]} Rg8 {[%clk 0:52:13]} 18. Be3
{[%clk 0:54:34]} a6 {[%clk 0:46:17]} 19. h4 {[%clk 0:48:43]} Bh8 {[%clk 0:43:46]}
20. Qh3 {[%clk 0:47:01]} h5 {[%clk 0:31:48]} 21. Bxh5 {[%clk 0:38:56]} Nf6
{[%clk 0:26:44]} 22. Bf3 {[%clk 0:35:47]} Qd7 {[%clk 0:24:13]} 23. Qg2
{[%clk 0:31:57]} Raf8 {[%clk 0:21:55]} 24. e5 {[%clk 0:27:04]} Nfe8
{[%clk 0:18:23]} 25. Be4 {[%clk 0:24:24]} dxe5 {[%clk 0:15:41]} 26. fxe5
{[%clk 0:24:23]} Bxe5 {[%clk 0:14:58]} 27. Qg5 {[%clk 0:24:35]} Bg7
{[%clk 0:14:32]} 28. Qh5+ {[%clk 0:24:55]} 1-0

[Event "EYCC 2024 - G16"]
[Site "?"]
[Date "2024.08.30"]
[Round "8.16"]
[White "Szarvas, Nora"]
[Black "Bat, Anu"]
[Result "1/2-1/2"]
[BlackElo "1948"]
[WhiteElo "1850"]
[LiveChessVersion "1.4.8"]

1. e4 {[%clk 1:30:57]} c5 {[%clk 1:30:54]} 2. Nf3 {[%clk 1:31:11]} Nc6
{[%clk 1:31:18]} 3. d4 {[%clk 1:31:35]} cxd4 {[%clk 1:31:44]} 4. Nxd4
{[%clk 1:31:59]} Nf6 {[%clk 1:32:07]} 5. Nc3 {[%clk 1:32:22]} e5 {[%clk 1:32:30]}
6. Ndb5 {[%clk 1:32:43]} d6 {[%clk 1:32:51]} 7. Bg5 {[%clk 1:33:04]} a6
{[%clk 1:33:14]} 8. Na3 {[%clk 1:33:30]} b5 {[%clk 1:33:39]} 9. Nd5
{[%clk 1:33:53]} Be7 {[%clk 1:33:56]} 10. Bxf6 {[%clk 1:34:18]} Bxf6
{[%clk 1:34:19]} 11. c4 {[%clk 1:34:39]} b4 {[%clk 1:33:56]} 12. Nc2
{[%clk 1:35:06]} Rb8 {[%clk 1:32:24]} 13. g3 {[%clk 1:32:32]} h5 {[%clk 1:32:42]}
14. Bg2 {[%clk 1:31:32]} h4 {[%clk 1:30:34]} 15. Qd3 {[%clk 1:25:39]} Bg5
{[%clk 1:15:37]} 16. Rd1 {[%clk 1:18:13]} Be6 {[%clk 0:54:38]} 17. b3
{[%clk 0:55:20]} h3 {[%clk 0:42:39]} 18. Bf3 {[%clk 0:52:46]} g6 {[%clk 0:38:47]}
19. Qe2 {[%clk 0:46:57]} Kf8 {[%clk 0:29:25]} 20. O-O {[%clk 0:39:21]} Kg7
{[%clk 0:28:45]} 21. c5 {[%clk 0:32:05]} dxc5 {[%clk 0:25:59]} 22. Ndxb4
{[%clk 0:31:31]} Nd4 {[%clk 0:18:14]} 23. Nxd4 {[%clk 0:30:22]} cxd4
{[%clk 0:17:21]} 24. Nc6 {[%clk 0:30:13]} Qd6 {[%clk 0:16:33]} 25. Nxb8
{[%clk 0:29:49]} Rxb8 {[%clk 0:17:00]} 26. Bg4 {[%clk 0:21:03]} f5
{[%clk 0:16:59]} 27. exf5 {[%clk 0:20:06]} gxf5 {[%clk 0:17:21]} 28. Bxh3
{[%clk 0:20:23]} Rh8 {[%clk 0:17:34]} 29. Bg2 {[%clk 0:19:20]} Bd7
{[%clk 0:15:34]} 30. f4 {[%clk 0:13:34]} Bb5 {[%clk 0:14:37]} 31. Qxe5+
{[%clk 0:13:17]} Qxe5 {[%clk 0:15:05]} 32. fxe5 {[%clk 0:13:40]} Bxf1
{[%clk 0:15:21]} 33. Bxf1 {[%clk 0:13:48]} Be3+ {[%clk 0:15:40]} 34. Kg2
{[%clk 0:14:12]} a5 {[%clk 0:15:37]} 35. Bc4 {[%clk 0:13:57]} Re8
{[%clk 0:15:33]} 36. e6 {[%clk 0:14:18]} Kf6 {[%clk 0:15:55]} 37. Rf1
{[%clk 0:11:12]} Re7 {[%clk 0:14:26]} 38. Bd3 {[%clk 0:10:01]} f4
{[%clk 0:14:43]} 39. Bc4 {[%clk 0:08:36]} Ke5 {[%clk 0:14:54]} 40. Kf3
{[%clk 0:07:15]} Re8 {[%clk 0:14:18]} 41. gxf4+ {[%clk 0:06:59]} Bxf4
{[%clk 0:14:33]} 42. Re1+ {[%clk 0:07:02]} Be3 {[%clk 0:14:52]} 43. Rxe3+
{[%clk 0:04:08]} dxe3 {[%clk 0:15:15]} 44. Kxe3 {[%clk 0:04:35]} Rh8
{[%clk 0:14:21]} 45. h4 {[%clk 0:04:07]} Kd6 {[%clk 0:14:27]} 46. Kd3
{[%clk 0:02:20]} Rxh4 {[%clk 0:14:51]} 47. Kc3 {[%clk 0:02:22]} Kc5
{[%clk 0:14:06]} 48. a3 {[%clk 0:01:22]} Rh3+ {[%clk 0:14:18]} 49. Kd2
{[%clk 0:01:19]} Kd4 {[%clk 0:13:27]} 50. a4 {[%clk 0:00:42]} Rh2+
{[%clk 0:12:29]} 51. Be2 {[%clk 0:00:49]} Rh4 {[%clk 0:12:16]} 52. Bd3
{[%clk 0:00:56]} Rh3 {[%clk 0:12:18]} 53. Bc4 {[%clk 0:01:17]} Re3
{[%clk 0:12:36]} 54. Kc2 {[%clk 0:01:27]} 1/2-1/2